000 00760nam a2200241Ia 4500
001 Para_6665
003 CHAP
008 220125s1920 xx 000 0 und d
010 _a205512
040 _cCHAP
090 _aPA FOLLETO 659
245 _aQuaterly Bulletin /
_c Michigan Agricultural College. Experiment Station Vol. 2 No. 3 (Feb. 1920)
260 _aLasing, Mich. :
_b Michigan Agricultural Experiment Station, 1920
650 _aLegumbres
_x publicaciones periodicas
_965778
710 _aMichigan Agricultural College. Experiment Station
_9171550
901 _aPA FOLLETO 659
902 _aA
905 _a0000001920 0000000000 00
910 _a1920
942 _cPARA
942 _cPARA
_d1
999 _c205512
_d205512